000 00745nam a2200229 i 4500
001 41108
003 ES-MaACL
005 20250812231042.0
007 t|
008 030310s1912 sp ||||1| spa d
080 _a619:616.98
245 0 0 _aInstrucciones contra la glosopeda (mal de potó).
260 _aPalma de Mallorca :
_b[s.n.],
_c1912 (
_fImp. de Amengual y Muntaner)
300 _a32 p. ;
_c16 cm.
490 1 _aCartilla sanitaria
594 _aPrecede al tít.: Consejo Provincial de Fomento de Baleares.
650 7 _aFiebre aftosa en animales
_2embne
_9141639
710 2 _aConsejo Provincial de Fomento (Baleares)
_9141640
830 0 _aCartilla sanitaria
_9181892
852 _aES-MaACL
_j1650-F-2
999 _c41108
_d41108